Morality, idealism, religion and yoga : (Record no. 147245)

MARC details
000 -LEADER
fixed length control field 00737nam a22002057a 4500
005 - DATE AND TIME OF LATEST TRANSACTION
control field 20171113101303.0
010 ## - LCCN (DPL NO)
LC control number ENG-121300
020 ## - INTERNATIONAL STANDARD BOOK NUMBER
Terms of availability 80.00
International Standard Book Number 9798170580378
035 ## - SYSTEM CONTROL NUMBER
System control number EN-104832
037 ## - SOURCE OF ACQUISITION
Source of stock number/acquisition DBAD/PUB
082 ## - DEWEY DECIMAL CLASSIFICATION NUMBER
Classification number 181.499
245 ## - TITLE STATEMENT
Title Morality, idealism, religion and yoga :
Statement of responsibility, etc complied and introduction by A.S.Dalal
Remainder of title the meaning of spirituality /
260 ## - PUBLICATION, DISTRIBUTION, ETC. (IMPRINT)
Place of publication, distribution, etc Pondicherry
Name of publisher, distributor, etc Sri Aurobindo Ashram
Date of publication, distribution, etc 2014
270 ## - ADDRESS
Address Sri Aurobindo Ashram Publication Department
City Pondicherry
Postal code 605002
300 ## - PHYSICAL DESCRIPTION
Extent vii, 174p.
Dimensions 19cm (Pbk)
500 ## - GENERAL NOTE
General note Includes glossary and references
505 ## - FORMATTED CONTENTS NOTE
Formatted contents note Selection from the works of sri aurobindo and the mother
700 ## - ADDED ENTRY--PERSONAL NAME
Personal name Dalal, A.S
942 ## - ADDED ENTRY ELEMENTS (KOHA)
Source of classification or shelving scheme Dewey Decimal Classification
Item type English Books
Classification part 181.499
Call number suffix MOR
Holdings
Withdrawn status Lost status Not for loan Collection code Home library Current library Date acquired Source of acquisition Cost, normal purchase price Full call number Barcode Copy number Cost, replacement price Koha item type
    Not For Loan Non-fiction D.B.Act.Division Bawana 07/11/2017 DBAD/PUB 80.00 181.499 DAL EN-104832 1 80.00 English Books

© Delhi Public Library
Hit Counter
free hit counter